[Event "Mittelrhein Verbandsliga-M 15/16"]
[Site "Nordrheinwestfalen"]
[Date "2016.01.10"]
[Round "6.2"]
[White "Wulfken, Christof"]
[Black "Negele, Michael"]
[Result "0-1"]
[WhiteElo "1827"]
[BlackElo "2170"]
[PlyCount "54"]
[EventDate "2015.09.06"]
[EventType "team-tourn"]
[EventRounds "11"]
[EventCountry "GER"]
[SourceTitle "EXT 2022"]
[Source "ChessBase"]
[SourceDate "2021.10.06"]
[SourceVersion "1"]
[SourceVersionDate "2021.10.06"]
[SourceQuality "1"]
[WhiteTeam "Schlebusch SF"]
[BlackTeam "Leverkusen SC Bayer"]
[WhiteTeamCountry "GER"]
[BlackTeamCountry "GER"]

1. d4 e6 2. Nf3 f5 3. c4 Nf6 4. Nc3 Bb4 5. Bd2 0-0 6. e3 b6 7. Be2 Bb7 8. 0-0 Nc6 9. a3 Bxc3 10. Bxc3 Ne4 11. Be1 Ne7 12. Nd2 Ng6 13. f3 Nf6 14. Qc2 Qe7 15. Bd3 c5 16. Bf2 Rfc8 17. d5 exd5 18. Bxf5 Nf8 19. cxd5 Nxd5 20. e4 Nf4 21. Qc4+ Kh8 22. Bg3 N8e6 23. e5 Bd5 24. Qa4 Ne2+ 25. Kf2 Nxg3 26. hxg3 Qg5 27. Qc2 Nd4 0-1

[Event "SVM-ch 1011"]
[Site "Bad Godesberg"]
[Date "2011.06.24"]
[Round "3"]
[White "Kneutgen, Alexander"]
[Black "Wulfken, Christof"]
[Result "1-0"]
[WhiteElo "2136"]
[BlackElo "2044"]
[PlyCount "43"]
[EventDate "2011.06.22"]
[EventType "swiss"]
[EventRounds "5"]
[EventCountry "GER"]
[SourceTitle "EXT 2012"]
[Source "ChessBase"]
[SourceDate "2011.11.24"]
[SourceVersion "1"]
[SourceVersionDate "2011.11.24"]
[SourceQuality "1"]

1. e4 c5 2. Nc3 d6 3. g3 Nc6 4. Bg2 e5 5. d3 Nge7 6. f4 f5 7. Nf3 fxe4 8. dxe4 Bg4 9. h3 Bxf3 10. Qxf3 Nd4 11. Qf2 Nec6 12. Nd5 Nb4 13. Nxb4 cxb4 14. 0-0 Qc7 15. Be3 Nc6 16. fxe5 dxe5 17. Rad1 Bd6 18. Rxd6 Qxd6 19. Qf7+ Kd8 20. Qxb7 Rc8 21. Bg5+ Ne7 22. Bxe7+ 1-0

[Event "Solingen Karneval op"]
[Site "Solingen"]
[Date "2011.03.05"]
[Round "2"]
[White "Wulfken, Christof"]
[Black "Mager, Denis"]
[Result "1-0"]
[WhiteElo "2046"]
[BlackElo "1732"]
[PlyCount "87"]
[EventDate "2011.03.04"]
[EventType "swiss"]
[EventRounds "5"]
[EventCountry "GER"]
[SourceTitle "EXT 2015"]
[Source "ChessBase"]
[SourceDate "2014.11.20"]
[SourceVersion "1"]
[SourceVersionDate "2014.11.20"]
[SourceQuality "1"]

1. d4 d5 2. Nf3 Nf6 3. c4 c6 4. cxd5 cxd5 5. Nc3 Nc6 6. Bg5 Bf5 7. Qb3 Qd7 8. e3 e6 9. Ne5 Qc8 10. Bb5 Bd6 11. Rc1 0-0 12. 0-0 Ne4 13. Nxe4 Bxe5 14. dxe5 Bxe4 15. Be7 Re8 16. Bd6 Qd7 17. Qa4 Rec8 18. f3 Bg6 19. Rc3 a6 20. Bxc6 Rxc6 21. Rxc6 Qxc6 22. Qxc6 bxc6 23. Rc1 Rc8 24. Rc3 f6 25. exf6 gxf6 26. Kf2 e5 27. Ra3 Ra8 28. Rb3 Rc8 29. Bc5 Bc2 30. Rc3 Bb1 31. Ra3 Ra8 32. Ke2 Rb8 33. b3 Ra8 34. Kd2 Kf7 35. Ra4 Ke6 36. g4 f5 37. h3 e4 38. f4 Bd3 39. Rb4 Bf1 40. Rb7 Bxh3 41. g5 Re8 42. Rxh7 Bg4 43. Rc7 Bh5 44. Rxc6+ 1-0

[Event "Cologne Longerich op 7th"]
[Site "Cologne"]
[Date "2010.07.31"]
[Round "3"]
[White "Nagel, Detlev"]
[Black "Wulfken, Christof"]
[Result "0-1"]
[WhiteElo "1361"]
[BlackElo "1898"]
[PlyCount "108"]
[EventDate "2010.07.30"]
[EventType "swiss"]
[EventRounds "5"]
[EventCountry "GER"]
[SourceTitle "EXT 2011"]
[Source "ChessBase"]
[SourceDate "2010.11.26"]
[SourceVersion "1"]
[SourceVersionDate "2010.11.26"]
[SourceQuality "1"]

1. g3 d5 2. Bg2 Nf6 3. d3 e5 4. a3 c6 5. Nc3 Bc5 6. e3 0-0 7. b4 Bb6 8. Nge2 Bg4 9. Na4 Bc7 10. f3 Bf5 11. 0-0 b6 12. e4 Be6 13. exd5 cxd5 14. Nac3 Qd7 15. Bg5 Ne8 16. Qe1 f6 17. Bd2 Nc6 18. Rc1 Rc8 19. f4 d4 20. Ne4 h6 21. fxe5 Nxe5 22. Qf2 Rd8 23. Qe1 f5 24. Nf2 Bd5 25. Ne4 fxe4 26. Rxf8+ Kxf8 27. dxe4 Bc4 28. Qf2+ Qf7 29. Qxf7+ Kxf7 30. Nf4 g5 31. Nd5 Bxd5 32. exd5 Nf6 33. Rf1 Kg7 34. h4 Nc4 35. hxg5 hxg5 36. Bxg5 Rf8 37. Bf4 Bxf4 38. Rxf4 Nxa3 39. Rf2 Nh5 40. Rd2 Nxg3 41. Bh3 Rf6 42. Kg2 Rg6 43. Kf3 Nh5 44. Bf5 Rg3+ 45. Ke4 Nb5 46. Bd7 Re3+ 47. Kf5 Nd6+ 48. Kg5 Ne4+ 49. Kxh5 Nxd2 50. Kg4 Kf6 51. Bc6 Ke5 52. Bb5 Kxd5 53. Bd3 Rxd3 54. cxd3 a5 0-1

[Event "Leverkusen-ch op"]
[Site "Leverkusen"]
[Date "2009.01.12"]
[Round "1"]
[White "Neumann, Thomas"]
[Black "Wulfken, Christof"]
[Result "1-0"]
[WhiteElo "1567"]
[BlackElo "1893"]
[PlyCount "67"]
[EventDate "2009.01.12"]
[EventType "swiss"]
[EventRounds "7"]
[EventCountry "GER"]
[SourceTitle "EXT 2010"]
[Source "ChessBase"]
[SourceDate "2010.11.25"]
[SourceVersion "1"]
[SourceVersionDate "2010.11.25"]
[SourceQuality "1"]

1. e4 c5 2. Nf3 e6 3. d4 cxd4 4. Nxd4 Nf6 5. Nc3 Bb4 6. Bd2 Bxc3 7. Bxc3 Nxe4 8. Qg4 Nxc3 9. Qxg7 Rf8 10. bxc3 a6 11. Be2 Qc7 12. Nf3 Nc6 13. 0-0 Ne7 14. Ng5 Nf5 15. Qf6 h6 16. Nh7 Rg8 17. Bh5 Rg7 18. Bg6 Qc6 19. g3 Nh4 20. f3 Qc5+ 21. Rf2 Nxf3+ 22. Qxf3 fxg6 23. Nf6+ Kd8 24. Ne4 Qe7 25. Qf4 g5 26. Qe5 d5 27. Nf6 Bd7 28. Nh5 Rg8 29. Raf1 Rc8 30. Nf6 Rg7 31. Rf3 Rc6 32. Nxd7 Kxd7 33. Rf6 Rd6 34. Rxh6 1-0

[Event "Leverkusen-ch op"]
[Site "Leverkusen"]
[Date "2005.04.04"]
[Round "8"]
[White "Epding, Volker"]
[Black "Wulfken, Christof"]
[Result "1/2-1/2"]
[WhiteElo "1971"]
[BlackElo "1896"]
[PlyCount "102"]
[EventDate "2005.01.10"]
[EventType "swiss"]
[EventRounds "9"]
[EventCountry "GER"]
[SourceTitle "EXT 2006"]
[Source "ChessBase"]
[SourceDate "2005.11.24"]
[SourceVersion "1"]
[SourceVersionDate "2005.11.24"]
[SourceQuality "1"]

1. d4 d5 2. c4 e6 3. Nc3 Nf6 4. Bg5 Nbd7 5. e3 c6 6. Nf3 Qa5 7. Nd2 Bb4 8. Qc2 dxc4 9. Bxf6 Nxf6 10. Bxc4 0-0 11. 0-0 e5 12. a3 Bxc3 13. Qxc3 Qxc3 14. bxc3 Re8 15. Rfb1 b6 16. Nf3 exd4 17. cxd4 Be6 18. Be2 Bg4 19. Rc1 Rac8 20. Ba6 Rc7 21. Ne5 c5 22. a4 Rce7 23. h3 Be6 24. Nf3 Bc8 25. Bxc8 Rxc8 26. a5 Rec7 27. axb6 axb6 28. Ne5 Kf8 29. dxc5 bxc5 30. Nc4 Ke7 31. Ra5 Nd7 32. e4 f6 33. f4 Rb8 34. Ne3 Kf7 35. Rc4 Rcb7 36. Nd5 Rb2 37. Ra7 R8b7 38. Ra6 Rd2 39. Rd6 Rd4 40. Rxd4 cxd4 41. Kf2 Nc5 42. Kf3 Rb3+ 43. Kg4 Rg3+ 44. Kxg3 Nxe4+ 45. Kf3 Nxd6 46. Nb4 Ke6 47. g4 g6 48. Ke2 Ne4 49. Kd3 Nf2+ 50. Kxd4 Nxh3 51. Ke3 h5 1/2-1/2

[Event "Leverkusen-ch op"]
[Site "Leverkusen"]
[Date "2005.03.07"]
[Round "6"]
[White "Gutt, Oswald"]
[Black "Wulfken, Christof"]
[Result "1/2-1/2"]
[WhiteElo "2051"]
[BlackElo "1896"]
[PlyCount "30"]
[EventDate "2005.01.10"]
[EventType "swiss"]
[EventRounds "9"]
[EventCountry "GER"]
[SourceTitle "EXT 2006"]
[Source "ChessBase"]
[SourceDate "2005.11.24"]
[SourceVersion "1"]
[SourceVersionDate "2005.11.24"]
[SourceQuality "1"]

1. d4 d5 2. Nf3 Nf6 3. Bf4 e6 4. e3 c5 5. c3 a6 6. Nbd2 Be7 7. h3 0-0 8. Bd3 Nfd7 9. Qe2 c4 10. Bc2 f5 11. Ne5 Nxe5 12. Bxe5 Bd6 13. Nf3 Nc6 14. Bxd6 Qxd6 15. 0-0 b5 1/2-1/2

[Event "Leverkusen-ch op"]
[Site "Leverkusen"]
[Date "2005.02.14"]
[Round "4"]
[White "Schockenbaeumer, Dirk"]
[Black "Wulfken, Christof"]
[Result "1-0"]
[WhiteElo "2187"]
[BlackElo "1896"]
[PlyCount "51"]
[EventDate "2005.01.10"]
[EventType "swiss"]
[EventRounds "9"]
[EventCountry "GER"]
[SourceTitle "EXT 2006"]
[Source "ChessBase"]
[SourceDate "2005.11.24"]
[SourceVersion "1"]
[SourceVersionDate "2005.11.24"]
[SourceQuality "1"]

1. e4 c5 2. Nf3 d6 3. d4 cxd4 4. Nxd4 e6 5. Nc3 a6 6. Be3 Nc6 7. Qd2 Nf6 8. f3 Be7 9. g4 Nd7 10. 0-0-0 Qc7 11. f4 b5 12. h4 Bb7 13. Kb1 Nc5 14. Bxb5 axb5 15. Ndxb5 Qb8 16. Nxd6+ Bxd6 17. Qxd6 Qxd6 18. Rxd6 Na6 19. Rhd1 Rd8 20. Nb5 Ke7 21. Bb6 Rxd6 22. Nxd6 Bc8 23. a3 e5 24. f5 Nab8 25. Bc5 Ba6 26. Nb5+ 1-0

[Event "Troisdorf op"]
[Site "Troisdorf"]
[Date "1998.11.17"]
[Round "5"]
[White "Balduan, Markus"]
[Black "Wulfken, Christof"]
[Result "1-0"]
[WhiteElo "2320"]
[BlackElo "1979"]
[PlyCount "49"]
[EventDate "1998.10.20"]
[EventType "swiss"]
[EventRounds "7"]
[EventCountry "GER"]
[SourceTitle "EXT 2002"]
[Source "ChessBase"]
[SourceDate "2001.11.25"]
[SourceVersion "1"]
[SourceVersionDate "2001.11.25"]
[SourceQuality "1"]

1. c4 e6 2. Nf3 Nf6 3. Nc3 d5 4. d4 c6 5. Bg5 Nbd7 6. cxd5 exd5 7. e3 Be7 8. Qc2 0-0 9. Bd3 h6 10. Bf4 Nh5 11. Be5 f6 12. Bg3 Nxg3 13. hxg3 Bb4 14. Nh4 Bxc3+ 15. bxc3 Kf7 16. Bg6+ Ke6 17. Nf5 Rg8 18. Bh7 Nb6 19. Bxg8+ Qxg8 20. e4 Kf7 21. Nd6+ Ke7 22. e5 Qe6 23. Qh7 Qg4 24. Rxh6 Nc4 25. Rg6 1-0

[Event "Troisdorf op"]
[Site "Troisdorf"]
[Date "1998.11.10"]
[Round "4"]
[White "Lange, Lutz"]
[Black "Wulfken, Christof"]
[Result "0-1"]
[WhiteElo "1750"]
[BlackElo "1979"]
[PlyCount "90"]
[EventDate "1998.10.20"]
[EventType "swiss"]
[EventRounds "7"]
[EventCountry "GER"]
[SourceTitle "EXT 2002"]
[Source "ChessBase"]
[SourceDate "2001.11.25"]
[SourceVersion "1"]
[SourceVersionDate "2001.11.25"]
[SourceQuality "1"]

1. d4 Nf6 2. c4 e5 3. dxe5 Ng4 4. Bf4 Nc6 5. Nf3 Bb4+ 6. Nbd2 Qe7 7. g3 Ngxe5 8. Bg2 Nd3+ 9. Kf1 Nxf4 10. gxf4 Qf6 11. a3 Be7 12. Qc2 Qxf4 13. Bh3 d6 14. Bxc8 Rxc8 15. Ne4 Ne5 16. Nxe5 dxe5 17. Rd1 f5 18. Ng3 0-0 19. e3 Qf3 20. Rg1 Rcd8 21. Rxd8 Rxd8 22. Ke1 Bh4 23. Qe2 Qxe2+ 24. Kxe2 Bxg3 25. hxg3 h5 26. f3 Kf7 27. b3 g5 28. a4 a5 29. Rh1 Kg6 30. Rg1 e4 31. Rb1 c5 32. Rb2 h4 33. gxh4 gxh4 34. fxe4 fxe4 35. Rb1 Rd3 36. Rg1+ Kh5 37. Rf1 Rxb3 38. Rf5+ Kg4 39. Rf4+ Kg3 40. Rxe4 h3 41. Re7 h2 42. Rg7+ Kh3 43. Rh7+ Kg4 44. Rg7+ Kf5 45. Rh7 Rb1 0-1